000 01520na a2200373 4500
001 19163
003 MIRAKIL
005 20181213155058.0
008 161209b tu 000 0
035 _a19163
040 _aMilas
_btur
_cTR-AnCHP
041 _atur
082 _aCHP 324.2172092
_bB29t 1994
090 _aBROŞÜR 1
100 _aBaykal, Deniz
222 _aCHP Genel Başkanı Deniz Baykal'ın konuşmaları
245 _aTekstil ekonominin köşe taşıdır
_bCHP Genel Başkan Deniz Baykal'ın Öziplik-İş sendikasının 29.07.1994 tarihli toplantısında yaptığı konuşma
_cDeniz Baykal
246 _aCHP Genel Başkan Deniz Baykal'ın Öziplik-İş sendikasının 29.07.1994 tarihli toplantısında yaptığı konuşma
260 _a[Ankara]
_b[CHP]
_c1994
300 _a31 s.
_c20 sm.
490 _aCumhuriyet Halk Partisi yayınları
500 _aDIş kapakta başka yapıt adı: CHP : Değişimin gücü
500 _a15 kopya.
600 _aBaykal, Deniz
_cCHP Genel Başkanı
_xKonuşmalar, 1994
_yÖziplik-İş sendikası
610 _aCHP
_xSöylev ve demeçler
_ySendikalar
650 _aCHP Genel başkanları
_xKonuşmalar,1994
_yÖziplik-İş sendikası
657 _aDeniz Baykalın konuşmaları
710 _aCHP
740 _aCHP : Değişimin gücü
740 _aCHP Genel Başkan Deniz Baykal'ın Öziplik-İş sendikasının 29.07.1994 tarihli toplantısında yaptığı konuşma
830 _aCHP yayınları
942 _2dcc
_cBKS
999 _c6180
_d6180